| 000 | 00446nam a22001457a 4500 | ||
|---|---|---|---|
| 005 | 20260303111505.0 | ||
| 008 | 260303b |||||||| |||| 00| 0 eng d | ||
| 020 | _aWAKHU, JOSHUA | ||
| 100 | _aWAKHU, JOSHUA | ||
| 245 | _aSPOTLIGHT BUSINESS STUDIES: LEARNER'S BOOK GRADE 10 | ||
| 260 |
_aNAIROBI _bSPOTLIGHT PUBLISHERS (EA) LIMITED _c2025 |
||
| 300 | _aIV, 196P. | ||
| 650 | _aBUSINESS STUDIES-STUDY AND TEACHING (SECONDARY) | ||
| 942 |
_2lcc _cBK |
||
| 999 |
_c216746 _d216746 |
||